000 00996cam a2200253 4500
001 J116827
008 000000n2002 000 0 eng u
035 _a(Sirsi) u116827
050 _a338.16
110 _aRoyal Institution of Chartered Surveyors
_bRural Faculty
_94160
245 _aFarm benchmarking and business analysis manual - October 2001
260 _aLondon
_bRICS
_c2002
490 _aFarm Benchmarking and Business Analysis Manual
520 _aProduced by the RICS Rural faculty in association with the University of Exeter and the University of Nottingham. Available to buy from the RICS Rural Faculty.
650 _aAGRICULTURE
650 _aBENCHMARKING
650 _aFARMING
650 _aSTATISTICS
690 _aRURAL-FARM BUSINESS MANAGEMENT
710 _aRoyal Institution of Chartered Surveyors
_94900
710 _aUniversity of Exeter
_cCentre for Rural Research
_94200
710 _aUniversity of Nottingham
_cRural Business Research Unit
_94201
942 _n0
999 _c69579
_d69579